Catálogo
 En Linea

Historia del derecho dominicano / (Registro nro. 56907)

Detalles MARC
000 -CABECERA
campo de control de longitud fija 01530nam a2200325 i 4500
003 - IDENTIFICADOR DEL NÚMERO DE CONTROL
campo de control DO-SdBNP
005 - FECHA Y HORA DE LA ÚLTIMA TRANSACCIÓN
campo de control 20250204100751.0
007 - CAMPO FIJO DE DESCRIPCIÓN FÍSICA--INFORMACIÓN GENERAL
campo de control de longitud fija ta
008 - DATOS DE LONGITUD FIJA--INFORMACIÓN GENERAL
campo de control de longitud fija 090720e1999 dr r 001 0 spa d
020 ## - NÚMERO INTERNACIONAL ESTÁNDAR DEL LIBRO
Número Internacional Estándar del Libro 8489525234
040 ## - FUENTE DE LA CATALOGACIÓN
Centro catalogador/agencia de origen DO-SdBNP
Lengua de catalogación spa
Centro/agencia transcriptor BNPHU
Normas de descripción rda
082 #4 - NÚMERO DE LA CLASIFICACIÓN DECIMAL DEWEY
Número de clasificación 349.7293
Número de documento/Ítem V422h, 1999
Número de edición 22
100 1# - ENTRADA PRINCIPAL--NOMBRE DE PERSONA
Nombre de persona Vega B., Wenceslao,
Fechas asociadas al nombre 1932-
Término indicativo de función/relación autor
Código de función/relación aut.
9 (RLIN) 38670
245 10 - MENCIÓN DE TÍTULO
Título Historia del derecho dominicano /
Mención de responsabilidad, etc. Wenceslao Vega B.
250 ## - MENCIÓN DE EDICIÓN
Mención de edición Tercera edición
264 #1 - PRODUCCIÓN, PUBLICACIÓN, DISTRIBUCIÓN, FABRICACIÓN Y COPYRIGHT
Producción, publicación, distribución, fabricación y copyright Santo Domingo :
Nombre del de productor, editor, distribuidor, fabricante Editora Amigo del Hogar
Fecha de producción, publicación, distribución, fabricación o copyright 1999.
300 ## - DESCRIPCIÓN FÍSICA
Extensión xi, 465 páginas :
Otras características físicas 23 cm.
336 ## - TIPO DE CONTENIDO
Término de tipo de contenido texto
Código de tipo de contenido txt
Fuente rdacontent
337 ## - TIPO DE MEDIO
Nombre/término del tipo de medio sin mediación
Código del tipo de medio n
Fuente rdamedia
338 ## - TIPO DE SOPORTE
Nombre/término del tipo de soporte volumen
Código del tipo de soporte nc
Fuente rdacarrier
500 ## - NOTA GENERAL
Nota general Incluye datos biográficos del autor en la solapa de la cubierta
504 ## - NOTA DE BIBLIOGRAFÍA, ETC.
Nota de bibliografía, etc. Bibliografía : páginas 419-424
505 ## - NOTA DE CONTENIDO CON FORMATO
Nota de contenido con formato Introducción a la nueva edición--
Título Introducción--
Información miscelánea Capítulo 1--
Título Antecedentes--
Información miscelánea Capítulo 2--
Título El derecho castellano a fines del Siglo XV--
Información miscelánea Capítulo 3--
Título El derecho en la sociedad taina en la española--
Información miscelánea Capítulo 4--
Título El derecho al descubrimiento--
Información miscelánea Capítulo 5--
Título El primer derecho en la isla española--
Información miscelánea Capítulo 6--
Título Los primeros experimentos jurídicos.
590 ## - NOTA LOCAL (RLIN)
Nota local Inventariado, 2024 / BT
650 #4 - PUNTO DE ACCESO ADICIONAL DE MATERIA--TÉRMINO DE MATERIA
Término de materia o nombre geográfico como elemento de entrada Derecho civil
Subdivisión geográfica República Dominicana
Subdivisión general Historia
9 (RLIN) 12432
650 #4 - PUNTO DE ACCESO ADICIONAL DE MATERIA--TÉRMINO DE MATERIA
Término de materia o nombre geográfico como elemento de entrada Derecho
Subdivisión general Legislación
Subdivisión geográfica República Dominicana
9 (RLIN) 81420
651 #4 - PUNTO DE ACCESO ADICIONAL DE MATERIA--NOMBRE GEOGRÁFICO
Nombre geográfico República Dominicana
Subdivisión general Legislación
-- Historia
9 (RLIN) 12433
910 ## - DATOS DE OPCIÓN DEL USUARIO (OCLC)
Datos de opción del usuario Btavárez/ Validado. Control de calidad. EMS
942 ## - ELEMENTOS DE PUNTO DE ACCESO ADICIONAL (KOHA)
Fuente del sistema de clasificación o colocación Dewey Decimal Classification
Tipo de ítem Koha Libro
Existencias
Estado de retiro Estado de pérdida Fuente del sistema de clasificación o colocación Restricciones de uso No para préstamo Código de colección Localización permanente Ubicación/localización actual Ubicación en estantería Fecha de adquisición Fuente de adquisición Total de préstamos Signatura topográfica completa Código de barras Fecha visto por última vez Precio válido a partir de Tipo de ítem Koha Número de copia Nota pública
    Dewey Decimal Classification Excluido de préstamo   Patrimonio Dominicano Biblioteca Nacional Pedro Henríquez Ureña Biblioteca Nacional Pedro Henríquez Ureña Depósito 20.06.2024 Deposito legal   BNPHU PD 349.7293 V422hi, 1994 2024-3624 20.06.2024 20.06.2024 Libro    
    Dewey Decimal Classification Excluido de préstamo   Patrimonio Dominicano Biblioteca Nacional Pedro Henríquez Ureña Biblioteca Nacional Pedro Henríquez Ureña Depósito 20.06.2024 Donado por la Presidencia de la República Dominicana 2023.   BNPHU PD 349.7293 V422hi, 1994 2024-3625 20.06.2024 20.06.2024 Libro e.2 Perteneció a la biblioteca personal de Emilio Cordero Michel.

Con tecnología Koha